{"text_format":"3","workbook":"xlsx","n_sheets":1,"sheets":["t562"],"read":"whole","date_system":"1900"}

{"sheet":"t562","index":0,"n_rows":182,"n_cols":7,"rows_kept":182,"merged":[[0,0,0,6],[30,0,30,5],[49,0,49,5],[157,0,157,5]]}
["TABELA 562.1 - Estatísticas Agrícolas, Município de São Simão, Estado de São Paulo, 2007/08."]
["ITEM","UNIDADE","N.DE UPAs","MÍNIMO","MÉDIO","MÁXIMO","TOTAL"]
["Distância à sede do município","km",371,0.5,{"v":11.68,"d":"11.7"},{"v":38,"d":"38.0"},"-"]
["Área total","hectare",371,1.2,{"v":154.77,"d":"154.8"},{"v":5621.4,"d":"5,621.4"},{"v":57418.2,"d":"57,418.2"}]
["Área com cultura perene","hectare",26,0.2,{"v":48.42,"d":"48.4"},{"v":518,"d":"518.0"},{"v":1258.8,"d":"1,258.8"}]
["Área com cultura temporária","hectare",232,0.2,{"v":103.05,"d":"103.1"},{"v":1253.2,"d":"1,253.2"},{"v":23907.1,"d":"23,907.1"}]
["Área com pastagem","hectare",218,0.2,{"v":28.16,"d":"28.2"},289.6,{"v":6139.6,"d":"6,139.6"}]
["Área com reflorestamento","hectare",53,0.1,{"v":251.52,"d":"251.5"},{"v":4873.7,"d":"4,873.7"},{"v":13330.8,"d":"13,330.8"}]
["Área com vegetação natural","hectare",281,0.1,{"v":32.02,"d":"32.0"},851.7,{"v":8996.6,"d":"8,996.6"}]
["Área com vegetação de brejo e várzea","hectare",67,0.3,{"v":18.52,"d":"18.5"},203.6,{"v":1240.8,"d":"1,240.8"}]
["Área em descanso","hectare",4,0.6,{"v":33.15,"d":"33.2"},{"v":120,"d":"120.0"},132.6]
["Área complementar","hectare",279,0.1,{"v":8.64,"d":"8.6"},426.3,{"v":2411.9,"d":"2,411.9"}]
["Área das UPAs com (0, 1] ha","hectare","-","-","-","-","-"]
["Área das UPAs com (1, 2] ha","hectare",4,1.2,1.7,{"v":2,"d":"2.0"},6.8]
["Área das UPAs com (2, 5] ha","hectare",28,2.2,{"v":3.59,"d":"3.6"},{"v":5,"d":"5.0"},100.5]
["Área das UPAs com (5, 10] ha","hectare",33,5.1,7.4,{"v":10,"d":"10.0"},244.3]
["Área das UPAs com (10, 20] ha","hectare",70,10.2,{"v":14.32,"d":"14.3"},19.5,{"v":1002.2,"d":"1,002.2"}]
["Área das UPAs com (20, 50] ha","hectare",68,20.5,{"v":33.39,"d":"33.4"},49.1,{"v":2270.2,"d":"2,270.2"}]
["Área das UPAs com (50, 100] ha","hectare",47,50.8,{"v":71.72,"d":"71.7"},98.5,{"v":3370.7,"d":"3,370.7"}]
["Área das UPAs com (100, 200] ha","hectare",48,104.6,{"v":149.36,"d":"149.4"},199.3,{"v":7169.4,"d":"7,169.4"}]
["Área das UPAs com (200, 500] ha","hectare",52,200.8,{"v":320.12,"d":"320.1"},496.1,{"v":16646.2,"d":"16,646.2"}]
["Área das UPAs com (500, 1.000] ha","hectare",15,509.9,{"v":703.43,"d":"703.4"},910.6,{"v":10551.5,"d":"10,551.5"}]
["Área das UPAs com (1.000, 2.000] ha","hectare",3,{"v":1018,"d":"1,018.0"},{"v":1622.37,"d":"1,622.4"},{"v":1950.9,"d":"1,950.9"},{"v":4867.1,"d":"4,867.1"}]
["Área das UPAs com (2.000, 5.000] ha","hectare",2,{"v":2696.5,"d":"2,696.5"},{"v":2783.95,"d":"2,784.0"},{"v":2871.4,"d":"2,871.4"},{"v":5567.9,"d":"5,567.9"}]
["Área das UPAs com (5.000, 10.000] ha","hectare",1,{"v":5621.4,"d":"5,621.4"},{"v":5621.4,"d":"5,621.4"},{"v":5621.4,"d":"5,621.4"},{"v":5621.4,"d":"5,621.4"}]
["Área das UPAs acima de 10.000 ha","hectare","-","-","-","-","-"]
["Familiares do proprietário que trabalham na UPA","unidade",233,{"v":1,"d":"1.0"},1.3,{"v":6,"d":"6.0"},{"v":304,"d":"304.0"}]
["Trabalhadores permanentes","unidade",168,{"v":1,"d":"1.0"},{"v":3.07,"d":"3.1"},{"v":75,"d":"75.0"},{"v":516,"d":"516.0"}]
["Fonte: Secretaria de Agricultura e Abastecimento, CDRS/IEA, Projeto LUPA."]
[]
["TABELA 562.2 - Explorações Animais, Município de São Simão, Estado de São Paulo, 2007/08."]
["ITEM","UNIDADE","N.DE UPAs","MÍNIMO","MÉDIO","MÁXIMO","TOTAL"]
["Apicultura","colmeias",2,{"v":50,"d":"50.0"},{"v":50,"d":"50.0"},{"v":50,"d":"50.0"},{"v":100,"d":"100.0"}]
["Asininos E Muares","cabeças",13,{"v":1,"d":"1.0"},{"v":1.77,"d":"1.8"},{"v":7,"d":"7.0"},{"v":23,"d":"23.0"}]
["Avicultura de Corte","cabeças/ano",2,{"v":600,"d":"600.0"},{"v":30300,"d":"30,300.0"},{"v":60000,"d":"60,000.0"},{"v":60600,"d":"60,600.0"}]
["Avicultura Ornamental/Decorativa/Exótica","cabeças",1,{"v":1500,"d":"1,500.0"},{"v":1500,"d":"1,500.0"},{"v":1500,"d":"1,500.0"},{"v":1500,"d":"1,500.0"}]
["Avicultura para Ovos","cabeças",5,{"v":30,"d":"30.0"},{"v":60,"d":"60.0"},{"v":150,"d":"150.0"},{"v":300,"d":"300.0"}]
["Bovinocultura de Corte","cabeças",42,{"v":3,"d":"3.0"},{"v":70.69,"d":"70.7"},{"v":700,"d":"700.0"},{"v":2969,"d":"2,969.0"}]
["Bovinocultura Leiteira","cabeças",17,{"v":3,"d":"3.0"},{"v":43.18,"d":"43.2"},{"v":265,"d":"265.0"},{"v":734,"d":"734.0"}]
["Bovinocultura Mista","cabeças",118,{"v":3,"d":"3.0"},{"v":116.33,"d":"116.3"},{"v":10302,"d":"10,302.0"},{"v":13727,"d":"13,727.0"}]
["Caprinocultura","cabeças",4,{"v":5,"d":"5.0"},{"v":27.75,"d":"27.8"},{"v":50,"d":"50.0"},{"v":111,"d":"111.0"}]
["Codornicultura","cabeças",1,{"v":3000,"d":"3,000.0"},{"v":3000,"d":"3,000.0"},{"v":3000,"d":"3,000.0"},{"v":3000,"d":"3,000.0"}]
["Equinocultura","cabeças",109,{"v":1,"d":"1.0"},{"v":9.28,"d":"9.3"},{"v":240,"d":"240.0"},{"v":1011,"d":"1,011.0"}]
["Outra Exploração Animal","cabeças",2,{"v":250,"d":"250.0"},{"v":251,"d":"251.0"},{"v":252,"d":"252.0"},{"v":502,"d":"502.0"}]
["Ovinocultura","cabeças",14,{"v":2,"d":"2.0"},{"v":53,"d":"53.0"},{"v":275,"d":"275.0"},{"v":742,"d":"742.0"}]
["Piscicultura","m² tanques",3,{"v":4100,"d":"4,100.0"},{"v":9700,"d":"9,700.0"},{"v":20000,"d":"20,000.0"},{"v":29100,"d":"29,100.0"}]
["Suinocultura","cabeças",20,{"v":2,"d":"2.0"},{"v":37.55,"d":"37.6"},{"v":450,"d":"450.0"},{"v":751,"d":"751.0"}]
["Fonte: Secretaria de Agricultura e Abastecimento, CDRS/IEA, Projeto LUPA."]
[]
["TABELA 562.3 -  Máquinas, Implementos e Benfeitorias, Município de São Simão, Estado de São Paulo, 2007/08."]
["ITEM","UNIDADE","N.DE UPAs","MÍNIMO","MÉDIO","MÁXIMO","TOTAL"]
["Arado Comum (Bacia, Aiveca)","Unidade",28,{"v":1,"d":"1.0"},{"v":1.21,"d":"1.2"},{"v":4,"d":"4.0"},{"v":34,"d":"34.0"}]
["Arado Escarificador","Unidade",9,{"v":1,"d":"1.0"},{"v":1.11,"d":"1.1"},{"v":2,"d":"2.0"},{"v":10,"d":"10.0"}]
["Arado Subsolador","Unidade",13,{"v":1,"d":"1.0"},{"v":1,"d":"1.0"},{"v":1,"d":"1.0"},{"v":13,"d":"13.0"}]
["Batedeira de Cereais","Unidade",2,{"v":1,"d":"1.0"},{"v":1,"d":"1.0"},{"v":1,"d":"1.0"},{"v":2,"d":"2.0"}]
["Carregadeira de Cana","Unidade",5,{"v":1,"d":"1.0"},2.4,{"v":6,"d":"6.0"},{"v":12,"d":"12.0"}]
["Colhedeira Acoplada","Unidade",2,{"v":1,"d":"1.0"},1.5,{"v":2,"d":"2.0"},{"v":3,"d":"3.0"}]
["Colhedeira Automotriz","Unidade",2,{"v":1,"d":"1.0"},{"v":1,"d":"1.0"},{"v":1,"d":"1.0"},{"v":2,"d":"2.0"}]
["Computador","Unidade",2,{"v":1,"d":"1.0"},{"v":1,"d":"1.0"},{"v":1,"d":"1.0"},{"v":2,"d":"2.0"}]
["Conj.Irrigação Autopropelido","Unidade",2,{"v":1,"d":"1.0"},{"v":1,"d":"1.0"},{"v":1,"d":"1.0"},{"v":2,"d":"2.0"}]
["Conj.Irrigação Convencional","Unidade",3,{"v":1,"d":"1.0"},{"v":1,"d":"1.0"},{"v":1,"d":"1.0"},{"v":3,"d":"3.0"}]
["Conj.Irrigação Pivot Central","Unidade",1,{"v":1,"d":"1.0"},{"v":1,"d":"1.0"},{"v":1,"d":"1.0"},{"v":1,"d":"1.0"}]
["Conj.Irrigação/Gotejamento/Microaspersão","Unidade",1,{"v":1,"d":"1.0"},{"v":1,"d":"1.0"},{"v":1,"d":"1.0"},{"v":1,"d":"1.0"}]
["Conjunto de Fenação","Unidade",1,{"v":1,"d":"1.0"},{"v":1,"d":"1.0"},{"v":1,"d":"1.0"},{"v":1,"d":"1.0"}]
["Desintegrador, Picador, Triturador","Unidade",108,{"v":1,"d":"1.0"},{"v":1.18,"d":"1.2"},{"v":3,"d":"3.0"},{"v":127,"d":"127.0"}]
["Distribuidor de Calcário","Unidade",19,{"v":1,"d":"1.0"},{"v":1.05,"d":"1.1"},{"v":2,"d":"2.0"},{"v":20,"d":"20.0"}]
["Ensiladeira","Unidade",25,{"v":1,"d":"1.0"},{"v":1.12,"d":"1.1"},{"v":2,"d":"2.0"},{"v":28,"d":"28.0"}]
["Grade Aradora (Tipo Romi)","Unidade",22,{"v":1,"d":"1.0"},{"v":2.05,"d":"2.1"},{"v":22,"d":"22.0"},{"v":45,"d":"45.0"}]
["Grade Niveladora","Unidade",31,{"v":1,"d":"1.0"},{"v":1.13,"d":"1.1"},{"v":2,"d":"2.0"},{"v":35,"d":"35.0"}]
["Implementos para Tração Animal","Unidade",3,{"v":1,"d":"1.0"},{"v":2.67,"d":"2.7"},{"v":6,"d":"6.0"},{"v":8,"d":"8.0"}]
["Microtrator","Unidade",6,{"v":1,"d":"1.0"},{"v":1,"d":"1.0"},{"v":1,"d":"1.0"},{"v":6,"d":"6.0"}]
["Misturador de Ração","Unidade",12,{"v":1,"d":"1.0"},{"v":1,"d":"1.0"},{"v":1,"d":"1.0"},{"v":12,"d":"12.0"}]
["Ordenhadeira Mecânica","Unidade",10,{"v":1,"d":"1.0"},{"v":1,"d":"1.0"},{"v":1,"d":"1.0"},{"v":10,"d":"10.0"}]
["Pulverizador Tratorizado","Unidade",30,{"v":1,"d":"1.0"},{"v":1.57,"d":"1.6"},{"v":4,"d":"4.0"},{"v":47,"d":"47.0"}]
["Resfriador de Leite, Tanque Expansão","Unidade",22,{"v":1,"d":"1.0"},{"v":1.09,"d":"1.1"},{"v":2,"d":"2.0"},{"v":24,"d":"24.0"}]
["Semeadeira/Adubadeira para Plantio Convencional","Unidade",15,{"v":1,"d":"1.0"},{"v":1.07,"d":"1.1"},{"v":2,"d":"2.0"},{"v":16,"d":"16.0"}]
["Semeadeira/Plantadeira Plantio Direto","Unidade",14,{"v":1,"d":"1.0"},{"v":1.14,"d":"1.1"},{"v":2,"d":"2.0"},{"v":16,"d":"16.0"}]
["Terraceador","Unidade",6,{"v":1,"d":"1.0"},{"v":1.17,"d":"1.2"},{"v":2,"d":"2.0"},{"v":7,"d":"7.0"}]
["Trator de Esteiras","Unidade",4,{"v":1,"d":"1.0"},{"v":1,"d":"1.0"},{"v":1,"d":"1.0"},{"v":4,"d":"4.0"}]
["Trator de Pneus","Unidade",92,{"v":1,"d":"1.0"},1.9,{"v":16,"d":"16.0"},{"v":175,"d":"175.0"}]
["Açude/Represa","Unidade",65,{"v":1,"d":"1.0"},{"v":1.68,"d":"1.7"},{"v":6,"d":"6.0"},{"v":109,"d":"109.0"}]
["Almoxarifado/Oficina","Unidade",41,{"v":1,"d":"1.0"},1.2,{"v":5,"d":"5.0"},{"v":49,"d":"49.0"}]
["Armazém para Grãos Ensacados","Sacas",18,{"v":1,"d":"1.0"},{"v":334.28,"d":"334.3"},{"v":4000,"d":"4,000.0"},{"v":6017,"d":"6,017.0"}]
["Balança para Bovinos","Unidade",11,{"v":1,"d":"1.0"},{"v":1,"d":"1.0"},{"v":1,"d":"1.0"},{"v":11,"d":"11.0"}]
["Balança para Veículos","Unidade",3,{"v":1,"d":"1.0"},{"v":1.33,"d":"1.3"},{"v":2,"d":"2.0"},{"v":4,"d":"4.0"}]
["Barracão para Cultivo de Cogumelo","Unidade",1,{"v":2,"d":"2.0"},{"v":2,"d":"2.0"},{"v":2,"d":"2.0"},{"v":2,"d":"2.0"}]
["Barracão para Granja/Avicultura","Unidade",19,{"v":1,"d":"1.0"},{"v":1.21,"d":"1.2"},{"v":2,"d":"2.0"},{"v":23,"d":"23.0"}]
["Barracão/Galpão/Garagem","Unidade",107,{"v":1,"d":"1.0"},{"v":1.21,"d":"1.2"},{"v":5,"d":"5.0"},{"v":129,"d":"129.0"}]
["Casa de Moradia Habitada","Unidade",202,{"v":1,"d":"1.0"},{"v":1.96,"d":"2.0"},{"v":30,"d":"30.0"},{"v":395,"d":"395.0"}]
["Casa de Moradia Total","Unidade",124,{"v":1,"d":"1.0"},{"v":2.66,"d":"2.7"},{"v":21,"d":"21.0"},{"v":330,"d":"330.0"}]
["Curral/Mangueira","Unidade",171,{"v":1,"d":"1.0"},{"v":1.27,"d":"1.3"},{"v":6,"d":"6.0"},{"v":218,"d":"218.0"}]
["Depósito/Tulha","Unidade",60,{"v":1,"d":"1.0"},{"v":1.33,"d":"1.3"},{"v":4,"d":"4.0"},{"v":80,"d":"80.0"}]
["Estábulo","Unidade",77,{"v":1,"d":"1.0"},{"v":1.16,"d":"1.2"},{"v":4,"d":"4.0"},{"v":89,"d":"89.0"}]
["Estufa/Plasticultura","m²",2,{"v":4,"d":"4.0"},{"v":152,"d":"152.0"},{"v":300,"d":"300.0"},{"v":304,"d":"304.0"}]
["Fábrica de Farinha","Unidade",1,{"v":1,"d":"1.0"},{"v":1,"d":"1.0"},{"v":1,"d":"1.0"},{"v":1,"d":"1.0"}]
["Fábrica de Ração","Unidade",7,{"v":1,"d":"1.0"},{"v":1,"d":"1.0"},{"v":1,"d":"1.0"},{"v":7,"d":"7.0"}]
["Instalações para Equinos","Unidade",21,{"v":1,"d":"1.0"},{"v":9.71,"d":"9.7"},{"v":35,"d":"35.0"},{"v":204,"d":"204.0"}]
["Máquina de Benefício","Unidade",6,{"v":1,"d":"1.0"},{"v":1,"d":"1.0"},{"v":1,"d":"1.0"},{"v":6,"d":"6.0"}]
["Pocilga","Unidade",34,{"v":1,"d":"1.0"},{"v":1.09,"d":"1.1"},{"v":3,"d":"3.0"},{"v":37,"d":"37.0"}]
["Poço Semi-Artesiano","Unidade",41,{"v":1,"d":"1.0"},{"v":1.02,"d":"1.0"},{"v":2,"d":"2.0"},{"v":42,"d":"42.0"}]
["Posto Meteorológico","Unidade",4,{"v":1,"d":"1.0"},{"v":1,"d":"1.0"},{"v":1,"d":"1.0"},{"v":4,"d":"4.0"}]
["Secador de Grãos","Unidade",4,{"v":1,"d":"1.0"},{"v":1.25,"d":"1.3"},{"v":2,"d":"2.0"},{"v":5,"d":"5.0"}]
["Silo para Grãos","t",4,{"v":1,"d":"1.0"},{"v":9,"d":"9.0"},{"v":25,"d":"25.0"},{"v":36,"d":"36.0"}]
["Silo para Silagem","t",15,{"v":1,"d":"1.0"},{"v":201.27,"d":"201.3"},{"v":2000,"d":"2,000.0"},{"v":3019,"d":"3,019.0"}]
["Terreiro","m²",9,{"v":1,"d":"1.0"},{"v":2440.44,"d":"2,440.4"},{"v":12800,"d":"12,800.0"},{"v":21964,"d":"21,964.0"}]
["Usina de Açúcar/destilaria","Unidade",2,{"v":1,"d":"1.0"},{"v":1,"d":"1.0"},{"v":1,"d":"1.0"},{"v":2,"d":"2.0"}]
["Fonte: Secretaria de Agricultura e Abastecimento, CDRS/IEA, Projeto LUPA."]
[]
["TABELA 562.4 - Outras Estatísticas Agrícolas, Município de São Simão, Estado de São Paulo, 2007/08."]
["ITEM","Número de UPAs",null,"Percentual"]
["Faz Parte de Associação de Produtores",93,null,{"v":25.067385444743934,"d":"25.1"}]
["Faz Parte de Cooperativa de Produtores",124,null,{"v":33.42318059299191,"d":"33.4"}]
["Faz Parte do Sindicato de Produtores",224,null,{"v":60.37735849056604,"d":"60.4"}]
["Não utiliza assistência técnica ",128,null,{"v":34.501347708894876,"d":"34.5"}]
["Utiliza somente assistência técnica governamental ",147,null,{"v":39.62264150943396,"d":"39.6"}]
["Utiliza somente assistência técnica privada ",56,null,{"v":15.09433962264151,"d":"15.1"}]
["Utiliza assistência técnica tanto governamental quanto privada",40,null,{"v":10.78167115902965,"d":"10.8"}]
["Utiliza Crédito Rural",112,null,{"v":30.18867924528302,"d":"30.2"}]
["Utiliza Seguro Rural",54,null,{"v":14.555256064690028,"d":"14.6"}]
["Utiliza Escrituração Agrícola",153,null,{"v":41.23989218328841,"d":"41.2"}]
["Acessa Internet p/ Fins na Agropecuária",26,null,{"v":7.008086253369272,"d":"7.0"}]
["Utiliza Computador nas Atividades Agropecuárias",34,null,{"v":9.164420485175203,"d":"9.2"}]
["Utiliza Energia Elétrica Para Uso na Atividade Agrícola",252,null,{"v":67.9245283018868,"d":"67.9"}]
["Realiza Análise de Solo, quando necessário",212,null,{"v":57.14285714285714,"d":"57.1"}]
["Utiliza Práticas de Conservação de Solo, quando necessário",258,null,{"v":69.54177897574124,"d":"69.5"}]
["Faz Adubação Mineral, quando necessário",263,null,{"v":70.88948787061994,"d":"70.9"}]
["Faz Adubação Orgânica, quando necessário",64,null,{"v":17.250673854447438,"d":"17.3"}]
["Faz Adubação Verde, quando necessário",34,null,{"v":9.164420485175203,"d":"9.2"}]
["Utiliza Manejo Integrado de Pragas (MIP)",3,null,{"v":0.8086253369272238,"d":"0.8"}]
["Utiliza Hidroponia","-",null,"-"]
["Utiliza Plasticultura",2,null,{"v":0.5390835579514824,"d":"0.5"}]
["Utiliza Mudas Fiscalizadas",191,null,{"v":51.482479784366575,"d":"51.5"}]
["Utiliza Semente Melhorada",103,null,{"v":27.762803234501348,"d":"27.8"}]
["Faz Confinamento de Bovinos",21,null,{"v":5.660377358490567,"d":"5.7"}]
["Utiliza Pastejo Intensivo",77,null,{"v":20.754716981132077,"d":"20.8"}]
["Faz Inseminação Artificial",10,null,{"v":2.6954177897574128,"d":"2.7"}]
["Faz Mineralização do Rebanho",158,null,{"v":42.58760107816712,"d":"42.6"}]
["Faz Vermifugação do Rebanho",156,null,{"v":42.04851752021563,"d":"42.0"}]
["Possui Parceiros /Arrendatários na Exploração Animal",19,null,{"v":5.121293800539084,"d":"5.1"}]
["Esporte e lazer",2,null,{"v":0.5390835579514824,"d":"0.5"}]
["Extração mineral",3,null,{"v":0.8086253369272238,"d":"0.8"}]
["Hotel Fazenda, Pousada ou SPA","-",null,"-"]
["Pesque-pague",1,null,{"v":0.2695417789757412,"d":"0.3"}]
["Restaurante ou Lanchonete",2,null,{"v":0.5390835579514824,"d":"0.5"}]
["Transformação artesanal","-",null,"-"]
["Turismo rural ou ecoturismo","-",null,"-"]
["Outras atividades econômicas rurais",2,null,{"v":0.5390835579514824,"d":"0.5"}]
["Agroindústria",2,null,{"v":0.5390835579514824,"d":"0.5"}]
["Proprietário sem instrução ou com instrução incompleta",1,null,{"v":0.2695417789757412,"d":"0.3"}]
["Proprietário com antigo primário completo",71,null,{"v":19.137466307277627,"d":"19.1"}]
["Proprietário com 1° grau (ou antigo ginasial) completo",35,null,{"v":9.433962264150944,"d":"9.4"}]
["Proprietário com 2° grau (ou antigo colegial) completo",95,null,{"v":25.606469002695416,"d":"25.6"}]
["Proprietário com curso superior completo ",133,null,{"v":35.84905660377358,"d":"35.8"}]
["Pessoa Jurídica",36,null,{"v":9.703504043126683,"d":"9.7"}]
["Proprietário residente na própria UPA ",41,null,{"v":11.051212938005392,"d":"11.1"}]
["Fonte: Secretaria de Agricultura e Abastecimento, CDRS/IEA, Projeto LUPA."]
[]
["TABELA 562.5 - Área Cultivada, Município de São Simão, Estado de São Paulo, 2007/08."]
["CULTURA","N.DE UPAs","MÍNIMO","MÉDIO","MÁXIMO","TOTAL"]
["Cana-de-acucar",228,0.2,{"v":128.31,"d":"128.3"},{"v":5978,"d":"5,978.0"},{"v":29255.7,"d":"29,255.7"}]
["Eucalipto",53,0.1,{"v":233.96,"d":"234.0"},{"v":4873.7,"d":"4,873.7"},{"v":12400,"d":"12,400.0"}]
["Braquiaria",207,{"v":1,"d":"1.0"},{"v":28.51,"d":"28.5"},289.6,{"v":5902.5,"d":"5,902.5"}]
["Laranja",6,6.7,{"v":187.53,"d":"187.5"},{"v":518,"d":"518.0"},{"v":1125.2,"d":"1,125.2"}]
["Pinus",1,930.8,930.8,930.8,930.8]
["Gramas",7,{"v":3,"d":"3.0"},{"v":19.63,"d":"19.6"},{"v":78,"d":"78.0"},137.4]
["Outras gramineas para pastagem",4,{"v":3,"d":"3.0"},11.4,27.3,45.6]
["Tangerina",4,0.5,{"v":9.18,"d":"9.2"},{"v":20,"d":"20.0"},36.7]
["Capim-napier (ou capim-elefante)",9,0.2,{"v":3.79,"d":"3.8"},17.4,34.1]
["Cafe",5,0.2,{"v":6.64,"d":"6.6"},{"v":29,"d":"29.0"},33.2]
["Seringueira",1,24.2,24.2,24.2,24.2]
["Coloniao",1,{"v":20,"d":"20.0"},{"v":20,"d":"20.0"},{"v":20,"d":"20.0"},{"v":20,"d":"20.0"}]
["Milho",4,0.4,4.4,{"v":10,"d":"10.0"},17.6]
["Coco-da-baia",1,{"v":13,"d":"13.0"},{"v":13,"d":"13.0"},{"v":13,"d":"13.0"},{"v":13,"d":"13.0"}]
["Pomar domestico",6,0.5,{"v":1.72,"d":"1.7"},{"v":3,"d":"3.0"},10.3]
["Tomate envarado",2,4.8,4.8,4.8,9.6]
["Banana",2,{"v":2,"d":"2.0"},3.5,{"v":5,"d":"5.0"},{"v":7,"d":"7.0"}]
["Lichia",1,5.6,5.6,5.6,5.6]
["Outras olericolas",2,{"v":1,"d":"1.0"},{"v":1.75,"d":"1.8"},2.5,3.5]
["Outras frutiferas",1,2.6,2.6,2.6,2.6]
["Jabuticaba",1,{"v":1,"d":"1.0"},{"v":1,"d":"1.0"},{"v":1,"d":"1.0"},{"v":1,"d":"1.0"}]
["Mandioca",1,{"v":1,"d":"1.0"},{"v":1,"d":"1.0"},{"v":1,"d":"1.0"},{"v":1,"d":"1.0"}]
["Fonte: Secretaria de Agricultura e Abastecimento, CDRS/IEA, Projeto LUPA."]